Delenie majetku ČSFR
Z obsahu: ČR a SR doteraz nie sú majetkovo vyrovnané. Majetková komisia bola vyše päť rokov nečinná. O čom hovorí zákon o delení majetku federácie. Majetkové otázky rozdelenia federácie majú aj politický rozmer. Problém slovenského zlata sa vlečie už viac ako päť rokov. Pohľadávka ČNB voči NBS je po...
Guardado en:
| Autor principal: | |
|---|---|
| Formato: | Capítulo de libro |
| Lenguaje: | eslovaco |
| Materias: | |
| Etiquetas: |
Sin Etiquetas, Sea el primero en etiquetar este registro!
|
MARC
| LEADER | 00000naa a2200000 4500 | ||
|---|---|---|---|
| 001 | r033852 | ||
| 005 | 20230921103401.0 | ||
| 041 | 0 | |a slo | |
| 044 | |a SK | ||
| 245 | 1 | 0 | |a Delenie majetku ČSFR |c Eduard Žitňanský |
| 520 | |a Z obsahu: ČR a SR doteraz nie sú majetkovo vyrovnané. Majetková komisia bola vyše päť rokov nečinná. O čom hovorí zákon o delení majetku federácie. Majetkové otázky rozdelenia federácie majú aj politický rozmer. Problém slovenského zlata sa vlečie už viac ako päť rokov. Pohľadávka ČNB voči NBS je podľa slovenských expertov len nesprávne pomenovaný výsledok delenia ŠBČS. Aj menová odluka stála oba nástupnícke štáty veľa peňazí. | ||
| 610 | 2 | 0 | |a majetok štátny |
| 610 | 2 | 0 | |a federácia |
| 610 | 2 | 0 | |a zlato |
| 610 | 2 | 0 | |a politika menová |
| 610 | 2 | 0 | |a Slovensko |
| 610 | 2 | 0 | |a Česko |
| 610 | 2 | 0 | |a ČSFR |
| 610 | 2 | 0 | |a ČNB Praha |
| 610 | 2 | 0 | |a NBS Bratislava |
| 100 | 1 | |a Žitňanský, Eduard | |